[Event "AUTO-MASTER-423"]
[Site "http://www.queenalice.com/game.php?id=311950"]
[Date "2007.11.28"]
[Round "1"]
[White "Dollar"]
[Black "CampbellMarcel"]
[Result "0-1"]
[WhiteElo "1855"]
[BlackElo "1696"]

1. e4 Nc6 2. Nf3 a6 3. Bd3 e6 4. e5 d5 5. exd6 Bxd6 6. O-O Ne5 7. Nxe5 Bxe5 8.
Nc3 Nf6 9. Re1 Qd6 10. b3 O-O 11. Rb1 Bd7 12. Bb2 Bxh2+ 13. Kf1 Bc6 14. Ne4 Nxe4
15. Bxe4 Rfd8 16. Bxc6 bxc6 17. g3 Bxg3 18. fxg3 Qxg3 19. Re2 Rd5 20. Rg2 Rf5+
21. Kg1 Qh4 22. Rxg7+ Kf8 23. Rg2 Rh5 24. Bg7+ Ke7 25. Qg4 f5 26. Qxh4+ Rxh4 27.
Be5 Rg4 28. Rxg4 fxg4 29. Rf1 h5 30. Bxc7 h4 31. Bb6 g3 32. Kg2 Rh8 0-1

[Event "AUTO-MASTER-423"]
[Site "http://www.queenalice.com/game.php?id=311951"]
[Date "2007.11.28"]
[Round "1"]
[White "CampbellMarcel"]
[Black "Dollar"]
[Result "0-1"]
[WhiteElo "1774"]
[BlackElo "1892"]

1. e4 e5 2. Nf3 Nc6 3. Bc4 Nd4 4. Nxe5 Qg5 5. Bxf7+ Ke7 6. Qh5 Qxg2 7. Qh4+ g5
8. Ng6+ hxg6 9. Qxg5+ Qxg5 10. Bxg8 Qg2 11. Rf1 Qxe4+ 0-1

[Event "AUTO-ADV-506"]
[Site "http://www.queenalice.com/game.php?id=316486"]
[Date "2007.12.7"]
[Round "3"]
[White "tomatito"]
[Black "Dollar"]
[Result "0-1"]
[WhiteElo "1737"]
[BlackElo "1936"]

1. e4 e5 2. Nf3 Nc6 3. Bc4 Nd4 4. Nxe5 Qg5 5. Ng4 d5 6. Bxd5 Qxg4 7. c3 Qxg2 8.
Rf1 Bg4 9. Qa4+ Nc6 10. Bxc6+ bxc6 11. Qxc6+ Ke7 12. Qxc7+ Ke6 13. Qc6+ Bd6 14.
Qxa8 Ne7 15. Qxa7 Qf3 0-1

[Event "AUTO-ADV-506"]
[Site "http://www.queenalice.com/game.php?id=316487"]
[Date "2007.12.7"]
[Round "3"]
[White "Dollar"]
[Black "tomatito"]
[Result "1-0"]
[WhiteElo "1912"]
[BlackElo "1746"]

1. e4 e5 2. Nf3 Nc6 3. Bc4 Nf6 4. Ng5 d5 5. exd5 Nxd5 6. Nxf7 Kxf7 7. Qf3+ Ke6
8. Nc3 Bc5 9. Bxd5+ Kd7 10. Qf7+ Qe7 11. Bxc6+ bxc6 12. Qxe7+ Kxe7 13. d3 Kf7
14. Ne4 Bd6 15. Nxd6+ 1-0

[Event "AUTO-ADV-506"]
[Site "http://www.queenalice.com/game.php?id=316489"]
[Date "2007.12.7"]
[Round "3"]
[White "Dollar"]
[Black "Rutty"]
[Result "0-1"]
[WhiteElo "1866"]
[BlackElo "1999"]

1. d4 d5 2. Nc3 c6 3. e4 dxe4 4. Nxe4 Bf5 5. Nc5 b6 6. Nb3 Nf6 7. Nf3 e6 8. Bd3
Bxd3 9. Qxd3 Be7 10. O-O O-O 11. Bg5 h6 12. Bh4 Nbd7 13. Rae1 Nd5 14. Bxe7 Qxe7
15. Ne5 Nxe5 16. dxe5 Rfd8 17. Qg3 c5 18. c4 Nb4 19. a3 Nc2 20. Re4 Nd4 21. Nxd4
Rxd4 22. Rfe1 Rad8 23. h3 Rxe4 24. Rxe4 Rd2 25. Qc3 Qd7 26. Re3 Rd1+ 27. Kh2 Qd2
28. Kg3 Qxc3 29. Rxc3 Kf8 30. b4 cxb4 31. axb4 Ke7 32. c5 Kd7 33. c6+ Kc7 34.
Rc4 Rb1 0-1

[Event "AUTO-ADV-525"]
[Site "http://www.queenalice.com/game.php?id=317360"]
[Date "2007.12.9"]
[Round "2"]
[White "RobertD"]
[Black "Dollar"]
[Result "1-0"]
[WhiteElo "1886"]
[BlackElo "1899"]

1. e4 e5 2. Nf3 Nc6 3. Bc4 Nd4 4. c3 Nxf3+ 5. Qxf3 Nf6 6. d4 d5 7. exd5 exd4 8.
cxd4 Bb4+ 9. Nc3 Qe7+ 10. Be3 Bg4 11. Qg3 Bxc3+ 12. bxc3 Qa3 13. O-O g6 14. Bg5
Ne4 15. Qe5+ Kd7 16. Qxe4 Bf5 17. Bb5+ Kc8 18. Qe5 Qf8 19. Be7 Qg8 20. Bf6 a6
21. Be2 Kd7 22. Bxh8 Re8 23. Qf6 Rxe2 24. Rfe1 Re8 25. Rxe8 Qxe8 26. Qe5 Qxe5
27. dxe5 Bd3 28. Rd1 Bc4 29. a3 a5 30. f4 h5 31. d6 c6 32. Kf2 b5 33. Ke3 a4 34.
h3 Be6 35. Rg1 Bf5 36. g4 hxg4 37. hxg4 Bc2 38. Rf1 Ke6 39. Kd4 Bb3 40. Kc5 Bd5
41. Kb6 Kd7 42. f5 gxf5 43. gxf5 Bc4 44. Rg1 Bd5 45. Rg8 Be4 46. Rg5 1-0

[Event "AUTO-ADV-525"]
[Site "http://www.queenalice.com/game.php?id=317361"]
[Date "2007.12.9"]
[Round "2"]
[White "Dollar"]
[Black "RobertD"]
[Result "1-0"]
[WhiteElo "1909"]
[BlackElo "1852"]

1. c4 e5 2. Nc3 Nf6 3. Nf3 Nc6 4. d4 exd4 5. Nxd4 Nxd4 6. Qxd4 Be7 7. Nd5 O-O 8.
Nxe7+ Qxe7 9. Bg5 Qb4+ 10. Bd2 Qb6 11. c5 Qe6 12. e3 d5 13. cxd6 cxd6 14. Bc4 d5
15. Bd3 Ne4 16. Bb4 Re8 17. O-O Bd7 18. Rac1 Qg4 19. f3 Qg5 20. fxe4 Bh3 21. Rf2
Rac8 22. Rxc8 Rxc8 23. Bc3 Be6 24. Rf3 dxe4 25. Rg3 1-0

[Event "AUTO-ADV-525"]
[Site "http://www.queenalice.com/game.php?id=317364"]
[Date "2007.12.9"]
[Round "2"]
[White "Dollar"]
[Black "Nabor"]
[Result "0-1"]
[WhiteElo "1699"]
[BlackElo "2119"]

1. c4 e5 2. a3 Nf6 3. Nc3 Be7 4. e3 c6 5. Nf3 d6 6. Bd3 O-O 7. Qc2 Be6 8. b3
Nbd7 9. Ng5 Rc8 10. Bxh7+ Kh8 11. Nxe6 fxe6 12. Bg6 d5 13. Qd1 e4 14. Bb2 Ne5
15. Bh5 Nd3+ 16. Kf1 Nxb2 17. Qe2 Nd3 18. g4 Nh7 19. Nd1 Nf6 20. Bg6 Nd7 21. h4
N7e5 22. g5 Rf3 23. Rh3 Qf8 24. Rxf3 exf3 25. Qxd3 Nxd3 26. Bxd3 Bxa3 27. h5 Qb4
28. cxd5 Qxd2 29. Bg6 Qe2+ 30. Kg1 Qe1+ 0-1

[Event "AUTO-ADV-525"]
[Site "http://www.queenalice.com/game.php?id=317365"]
[Date "2007.12.9"]
[Round "2"]
[White "Nabor"]
[Black "Dollar"]
[Result "1-0"]
[WhiteElo "2134"]
[BlackElo "1701"]

1. e4 c6 2. d4 d5 3. e5 Bf5 4. g4 Bg6 5. h4 h6 6. h5 Bh7 7. e6 fxe6 8. Bd3 Nf6
9. Bxh7 Nxh7 10. Qd3 Nf6 11. Qg6+ Kd7 12. Nf3 Kc8 13. Ne5 Qd6 14. Nf7 Qb4+ 15.
c3 Qb6 16. Nxh8 Nbd7 17. Nf7 Ne4 18. O-O c5 19. dxc5 Qxc5 20. Be3 Qc7 21. Nd2
Nef6 22. c4 Ne5 23. Nxe5 Qxe5 24. cxd5 exd5 25. Rfc1+ Kd8 26. Qf7 Kd7 27. Nc4
dxc4 28. Rd1+ Kc6 29. Qxc4+ 1-0

[Event "Mate I"]
[Site "http://www.queenalice.com/game.php?id=317956"]
[Date "2007.12.10"]
[Round "-"]
[White "GrazianiBR"]
[Black "Dollar"]
[Result "1-0"]
[WhiteElo "2055"]
[BlackElo "1805"]

1. c4 Nf6 2. Nc3 Nc6 3. d4 d5 4. cxd5 Nxd5 5. Nxd5 Qxd5 6. e3 e5 7. Ne2 Bf5 8.
f3 Bb4+ 9. Bd2 Bxd2+ 10. Qxd2 O-O-O 11. Nc3 Qa5 12. O-O-O exd4 13. Ne4 Qxa2 14.
Bd3 Rd5 15. Qc2 Nb4 16. Qb1 Nxd3+ 17. Rxd3 Qc4+ 18. Qc2 Qb5 19. Rxd4 Rc5 20.
Qxc5 Qxc5+ 21. Nxc5 b6 22. Rf4 g6 23. Ne4 Rd8 24. Ng5 Rd5 25. Rc4 Ra5 26. Kd2 b5
27. Rc5 a6 28. e4 Bd7 29. Nxh7 Ra2 30. Nf6 Rxb2+ 31. Rc2 Rxc2+ 32. Kxc2 1-0

[Event "AUTO-ADV-490"]
[Site "http://www.queenalice.com/game.php?id=331725"]
[Date "2008.1.6"]
[Round "2"]
[White "Mekk"]
[Black "Dollar"]
[Result "1-0"]
[WhiteElo "1956"]
[BlackElo "1710"]

1. e4 e5 2. Nf3 Nc6 3. Bb5 Nd4 4. Nxd4 exd4 5. d3 Nf6 6. O-O Be7 7. f4 a6 8. Ba4
O-O 9. Nd2 d6 10. Nf3 Bg4 11. h3 Bxf3 12. Qxf3 Rb8 13. Bd2 b5 14. Bb3 Nd7 15. a4
Nc5 16. Bd5 Nxa4 17. Bc6 1-0

[Event "AUTO-ADV-490"]
[Site "http://www.queenalice.com/game.php?id=331726"]
[Date "2008.1.6"]
[Round "2"]
[White "Dollar"]
[Black "Mekk"]
[Result "0-1"]
[WhiteElo "1717"]
[BlackElo "1949"]

1. c4 Nf6 2. Nc3 g6 3. g3 d5 4. c5 Bg7 5. d4 Nc6 6. Nf3 O-O 7. Bg2 Ne4 8. Be3
Nxc3 9. bxc3 e5 10. dxe5 Nxe5 11. Nxe5 Bxe5 12. Qb3 c6 13. O-O Qc7 14. Bh6 Re8
15. f4 Bh8 16. Rae1 Bg4 17. e3 Bf5 18. c4 d4 0-1

[Event "AUTO-ADV-490"]
[Site "http://www.queenalice.com/game.php?id=331727"]
[Date "2008.1.6"]
[Round "2"]
[White "AntonioMendonca"]
[Black "Dollar"]
[Result "1-0"]
[WhiteElo "2075"]
[BlackElo "1882"]

1. d4 d5 2. c4 c6 3. Nf3 Nf6 4. g3 g6 5. Qb3 Bg7 6. Bg2 dxc4 7. Qxc4 Be6 8. Qc2
O-O 9. Nc3 Nbd7 10. O-O Nb6 11. e4 Bc4 12. Re1 Nbd7 13. Be3 e6 14. b3 1-0

[Event "AUTO-ADV-490"]
[Site "http://www.queenalice.com/game.php?id=331728"]
[Date "2008.1.6"]
[Round "2"]
[White "Dollar"]
[Black "AntonioMendonca"]
[Result "0-1"]
[WhiteElo "1874"]
[BlackElo "2083"]

1. c4 Nf6 2. Nf3 g6 3. g3 Bg7 4. Bg2 O-O 5. Nc3 d6 6. O-O Nc6 7. d4 a6 8. Be3
Ng4 9. Bf4 Nxd4 10. Nxd4 e5 11. Bxe5 Nxe5 12. b3 c5 13. Nc2 Nxc4 14. bxc4 Bxc3
15. Rb1 Rb8 0-1